[Event "AUTO-INT-1925"]
[Site "http://www.queenalice.com/game.php?id=886917"]
[Date "2011.1.16"]
[Round "1"]
[White "kingz"]
[Black "chess1200"]
[Result "0-1"]
[WhiteElo "1676"]
[BlackElo "2006"]

1. e4 e6 2. d4 d5 3. exd5 exd5 4. Bd3 c5 5. dxc5 Bxc5 6. Nf3 Nf6 7. O-O O-O 8.
Bg5 Qd6 9. Bxf6 Qxf6 10. c3 Bg4 11. Nbd2 Nc6 12. Qc2 Qh6 13. Nb3 Bd6 14. Nbd2
Ne7 15. g3 f5 16. Rae1 Bh3 17. Rxe7 Bxe7 18. Re1 Bc5 19. Re5 f4 20. Rxd5 Bb6 21.
Ng5 fxg3 22. Nxh3 Qxh3 0-1

[Event "AUTO-INT-1925"]
[Site "http://www.queenalice.com/game.php?id=886918"]
[Date "2011.1.16"]
[Round "1"]
[White "chess1200"]
[Black "kingz"]
[Result "1-0"]
[WhiteElo "2016"]
[BlackElo "1655"]

1. Nf3 c5 2. g3 d6 3. Bg2 Nf6 4. O-O g6 5. c4 Bg7 6. Nc3 a6 7. a4 O-O 8. d3 Nc6
9. Bd2 Qc7 10. Rb1 Nb4 11. Qc1 Rb8 12. Bh6 Re8 13. Bxg7 Kxg7 14. Qg5 h6 15. Qd2
Be6 16. b3 Bd7 17. Na2 a5 18. Nxb4 cxb4 19. e4 Ng4 20. h3 Ne5 21. Rbd1 Nxf3+ 22.
Bxf3 Bxh3 23. Rfe1 Bd7 24. Kg2 e5 25. Rh1 f5 26. Qxh6+ Kf6 27. Qh4+ Kf7 28. exf5
Bxf5 29. Qh7+ 1-0

[Event "AUTO-INT-1925"]
[Site "http://www.queenalice.com/game.php?id=886919"]
[Date "2011.1.16"]
[Round "1"]
[White "kingz"]
[Black "lafasouza"]
[Result "1-0"]
[WhiteElo "1679"]
[BlackElo "1724"]

1. e4 e5 2. Bc4 Nf6 3. d3 Nc6 4. Nf3 h6 5. Nc3 d6 6. O-O Bg4 7. h3 Bxf3 8. Qxf3
Nd4 9. Qd1 Be7 10. f4 c6 11. fxe5 dxe5 12. Ne2 g5 13. Ng3 h5 14. Bxg5 h4 15. Nf5
Nxf5 16. Rxf5 Qd4+ 17. Kh1 Qxb2 18. Bxf6 Qd4 19. Bxe5 Qc5 20. Bxh8 Qd6 21. e5
Qg6 22. Bxf7+ Qxf7 23. Rxf7 Kxf7 24. Qh5+ Ke6 25. Qh6+ Kd7 26. Bf6 Bxf6 27. Qxf6
Re8 28. Qd6+ Kc8 29. e6 Rd8 30. Qxd8+ Kxd8 31. Re1 Ke7 32. g4 b5 33. Kg2 a5 34.
g5 a4 35. Kf3 c5 36. Kg4 b4 37. Kxh4 a3 38. g6 Kf6 39. e7 Kxg6 40. e8=Q+ Kg7 41.
Rf1 Kh7 42. Rg1 Kh6 43. Qh8# 1-0

[Event "AUTO-INT-1925"]
[Site "http://www.queenalice.com/game.php?id=886920"]
[Date "2011.1.16"]
[Round "1"]
[White "lafasouza"]
[Black "kingz"]
[Result "1-0"]
[WhiteElo "1725"]
[BlackElo "1671"]

1. e4 c5 2. Nf3 d6 3. Bc4 e6 4. Nc3 Nf6 5. d3 a6 6. O-O Be7 7. Re1 b5 8. Bb3 Bb7
9. e5 dxe5 10. Nxe5 O-O 11. Bg5 Qc7 12. Qc1 Nbd7 13. Bxf6 Nxf6 14. a4 b4 15. Na2
Bd6 16. f4 Bxe5 17. fxe5 Nd7 18. Qe3 Qc6 19. Re2 Nb6 20. Nc1 c4 21. dxc4 Rad8
22. Nd3 Nxc4 23. Bxc4 a5 24. Bb5 Qc7 25. Nf4 Bc6 26. Bd3 Rd7 27. Nh5 Qa7 28. Kh1
Qb7 29. Qg5 1-0

[Event "AUTO-INT-1845"]
[Site "http://www.queenalice.com/game.php?id=939789"]
[Date "2011.5.18"]
[Round "2"]
[White "kievelrs"]
[Black "kingz"]
[Result "0-1"]
[WhiteElo "1379"]
[BlackElo "1725"]

1. e4 c5 2. d4 cxd4 3. Qxd4 Nc6 4. Qe3 d6 5. Bc4 e6 6. Nc3 Nf6 7. f3 Be7 8. a3
O-O 9. g4 d5 10. exd5 exd5 11. Nxd5 Bxa3 12. bxa3 Re8 13. Qxe8+ Qxe8+ 14. Ne2
Nxd5 15. Kf2 Be6 16. Re1 Qd8 0-1

[Event "AUTO-INT-1845"]
[Site "http://www.queenalice.com/game.php?id=939790"]
[Date "2011.5.18"]
[Round "2"]
[White "kingz"]
[Black "kievelrs"]
[Result "1-0"]
[WhiteElo "1727"]
[BlackElo "1377"]

1. e4 e5 2. Bc4 Nf6 3. d3 c5 4. f4 d6 5. fxe5 dxe5 6. Nf3 Nc6 7. O-O Qd6 8. Nc3
Nd4 9. a3 h6 10. Ne2 g5 11. c3 Nxe2+ 12. Qxe2 g4 13. Nh4 Be7 14. Bd2 Rg8 15. Nf5
Qc7 16. Nxh6 Rg7 17. Nxf7 Rxf7 18. Bxf7+ 1-0

[Event "AUTO-INT-1845"]
[Site "http://www.queenalice.com/game.php?id=939797"]
[Date "2011.5.18"]
[Round "2"]
[White "kingz"]
[Black "PeGaPraCaPa"]
[Result "1-0"]
[WhiteElo "1706"]
[BlackElo "1784"]

1. e4 e5 2. Bc4 Nc6 3. d3 h6 4. Nc3 Nd4 5. Nge2 Bb4 6. O-O Qh4 7. Nxd4 exd4 8.
Nd5 Bd6 9. f4 g5 10. e5 Be7 11. Nxc7+ Kd8 12. Nxa8 Rh7 13. f5 Bc5 14. h3 b6 15.
e6 Rg7 16. exf7 Nf6 17. Qe2 g4 18. hxg4 Bb7 19. Bxh6 Qxh6 20. Rae1 Rxg4 21. Qxg4
Qf8 22. Qg3 Bd6 23. Qg5 Be7 24. Rxe7 Qxe7 25. Qg8+ Nxg8 26. fxg8=Q+ 1-0

[Event "AUTO-INT-1845"]
[Site "http://www.queenalice.com/game.php?id=939798"]
[Date "2011.5.18"]
[Round "2"]
[White "PeGaPraCaPa"]
[Black "kingz"]
[Result "1-0"]
[WhiteElo "1704"]
[BlackElo "1729"]

1. e4 c5 2. Nf3 d6 3. Nc3 Nf6 4. d4 cxd4 5. Nxd4 e6 6. Bb5+ Nbd7 7. O-O a6 8.
Bxd7+ Bxd7 9. Qf3 Be7 10. Rd1 O-O 11. Bg5 Qc7 12. Qg3 b5 13. Bh6 Ne8 14. Rd3 Kh8
15. Qxg7+ Nxg7 16. Rg3 Bf6 17. Rd1 Rg8 18. Bg5 Bxg5 19. Rxg5 e5 20. Nd5 Qd8 21.
Nf3 f5 22. Re1 fxe4 23. Rxe4 Bc6 24. Nc3 Bxe4 25. Nxe4 Ne6 26. Rf5 Nf4 27. Nfg5
d5 28. Nf7+ 1-0

[Event "Challenge"]
[Site "http://www.queenalice.com/game.php?id=948461"]
[Date "2011.6.10"]
[Round "-"]
[White "kingz"]
[Black "FC"]
[Result "1-0"]
[WhiteElo "1681"]
[BlackElo "1640"]

1. e4 e5 2. Bc4 Nf6 3. d3 Bb4+ 4. c3 Bc5 5. Nf3 Ng4 6. O-O d6 7. h3 Nf6 8. Be3
Bxe3 9. fxe3 Nc6 10. Nbd2 O-O 11. d4 d5 12. exd5 Na5 13. dxe5 Nxc4 14. exf6 Nxe3
15. Qe1 Nxf1 16. Nxf1 Qxf6 17. Ng3 Bd7 18. Qd2 Rad8 19. Rf1 Bb5 20. Rf2 c6 21.
Nd4 Qg6 22. Nxb5 cxb5 23. Kh2 Rfe8 24. b3 Re5 25. c4 Rg5 26. Qf4 Rf8 27. Ne4 Rh5
28. Nd6 Qh6 29. Nxb5 Qxf4+ 30. Rxf4 a6 31. Nd4 g5 32. Re4 Rh4 33. g4 h5 34. Nf5
hxg4 35. Nxh4 gxh4 36. Rxg4+ Kh8 37. Rxh4+ Kg8 38. Re4 f6 39. Re7 f5 40. Kg3 f4+
41. Kf3 Rf5 42. Rxb7 Rh5 43. Kxf4 Rh4+ 44. Ke5 Rh5+ 45. Kd6 Rh6+ 46. Kc5 Rxh3
47. Kb6 Rh6+ 48. Ka5 Rh2 49. Kxa6 Rxa2+ 50. Kb5 Rb2 51. Kc6 Rf2 52. d6 Rf8 53.
d7 Rd8 54. Kc7 Rf8 55. d8=R Rxd8 56. Kxd8 Kf8 57. Re7 Kg8 58. c5 Kf8 59. c6 1-0

[Event "Challenge"]
[Site "http://www.queenalice.com/game.php?id=952377"]
[Date "2011.6.21"]
[Round "-"]
[White "cdare"]
[Black "kingz"]
[Result "0-1"]
[WhiteElo "1739"]
[BlackElo "1696"]

1. e4 c5 2. Nf3 d6 3. c3 Nf6 4. Bb5+ Nbd7 5. d3 a6 6. Bxd7+ Bxd7 7. Bf4 e6 8.
Nbd2 Be7 9. O-O Qc7 10. h3 O-O 11. b3 b5 12. a3 Rac8 13. c4 Qb7 14. Bg5 Bc6 15.
Nh2 d5 16. cxd5 exd5 17. Ng4 Nxg4 18. Qxg4 Bxg5 19. Qxg5 dxe4 20. dxe4 Bxe4 21.
Nxe4 Qxe4 22. Rfe1 Qc2 23. b4 h6 24. Qg4 f5 25. Qg6 Rf6 26. Re8+ Rxe8 27. Qxe8+
Rf8 28. Qe6+ Kh8 29. Qxa6 cxb4 30. Qd6 Re8 31. Qxb4 Re2 32. Rf1 Qb2 33. Qf8+ Kh7
34. Qxf5+ Kh8 35. Rd1 Re8 36. Qg6 Qe2 37. Rd7 Qe1+ 38. Kh2 Qe5+ 39. g3 Rf8 40.
Kg2 Qf6 41. Qc2 Qf3+ 42. Kg1 Qxa3 43. Qd2 b4 44. Qd4 Qc3 45. Qd6 Qe1+ 0-1

[Event "Challenge"]
[Site "http://www.queenalice.com/game.php?id=952378"]
[Date "2011.6.21"]
[Round "-"]
[White "kingz"]
[Black "cdare"]
[Result "1-0"]
[WhiteElo "1688"]
[BlackElo "1742"]

1. e4 e5 2. Bc4 Bc5 3. Nf3 Nc6 4. c3 Nf6 5. d3 h6 6. Be3 Bxe3 7. fxe3 O-O 8. O-O
a6 9. Bb3 d6 10. Nbd2 Bg4 11. h3 Bxf3 12. Nxf3 b5 13. Bc2 Ne7 14. d4 Ng6 15. Qe1
Nh7 16. Rd1 Ng5 17. Qg3 Nxf3+ 18. Rxf3 Qe7 19. Bb3 c6 20. Qxg6 Kh8 21. Qg4 a5
22. Rg3 Rg8 23. Rf1 Raf8 24. Rgf3 c5 25. Bxf7 Rxf7 26. Rxf7 Qe8 27. Rd7 Qb8 28.
Rff7 1-0

[Event "Challenge"]
[Site "http://www.queenalice.com/game.php?id=955794"]
[Date "2011.7.1"]
[Round "-"]
[White "Martial"]
[Black "kingz"]
[Result "1-0"]
[WhiteElo "1547"]
[BlackElo "1695"]

1. e4 c5 2. d4 cxd4 3. Qxd4 Nc6 4. Qc3 d6 5. Nf3 Nf6 6. Bd3 e6 7. O-O Be7 8. Na3
a6 9. h3 Qc7 10. Nc4 b5 11. Ne3 Bb7 12. a4 b4 13. Qb3 O-O 14. Bd2 Rab8 15. Bxb4
Nxb4 16. Qxb4 Bxe4 17. Qc3 Qxc3 18. bxc3 Bxf3 19. gxf3 Rfc8 20. c4 Nd7 21. f4
Nc5 22. f5 Bf6 23. Rad1 Nxa4 24. fxe6 fxe6 25. f4 Bd4 26. Kf2 Rf8 27. Bxh7+ Kxh7
28. Rxd4 e5 29. Rxd6 Rxf4+ 30. Kg3 g5 31. Ra1 Nc5 32. Rd5 Re8 33. Rxc5 Ref8 34.
Rxe5 Rf3+ 35. Kg4 R8f4+ 36. Kxg5 Rf7 37. Rxa6 Rg7+ 38. Kh4 Rf4+ 39. Ng4 Rxc4 40.
Rh6+ Kg8 41. Kh5 Rxc2 42. Nf6+ Kf7 43. Rf5 Ke6 44. Rg5 Rxg5+ 45. Kxg5 Rg2+ 46.
Ng4+ Kd5 47. h4 Ke4 48. Rf6 Kd5 49. h5 Re2 50. h6 Re8 51. h7 Rh8 52. Kg6 Re8 53.
Kg7 Re7+ 54. Rf7 1-0

[Event "Challenge"]
[Site "http://www.queenalice.com/game.php?id=957943"]
[Date "2011.7.7"]
[Round "-"]
[White "FC"]
[Black "kingz"]
[Result "0-1"]
[WhiteElo "1640"]
[BlackElo "1673"]

1. e4 c5 2. Bc4 e6 3. Nf3 d6 4. Nc3 Nf6 5. d3 a6 6. O-O b5 7. Bb3 Bb7 8. Bd2 Be7
9. Qe2 Nbd7 10. a3 Qc7 11. Bg5 O-O 12. Qe3 Ng4 13. Qf4 Bxg5 14. Qxg4 Be7 15. Ne2
Nf6 16. Qh3 c4 17. dxc4 bxc4 18. Ba4 Bxe4 19. Nf4 d5 20. Ng5 d4 21. Nh5 Nxh5 22.
Qxh5 Bxg5 23. Qxg5 d3 24. cxd3 cxd3 25. Qe3 Qb7 26. b4 Bxg2 27. Rfc1 Rfd8 28.
Rd1 Bh1 29. f3 Qxf3 30. Qxf3 Bxf3 31. Rf1 Be2 32. Rf2 g6 33. Bc6 Ra7 34. Bf3
Bxf3 35. Rxf3 e5 36. Raf1 e4 37. Re3 f5 38. Rc1 d2 39. Rd1 Re7 40. Kf2 f4 41.
Rc3 e3+ 42. Ke2 f3+ 43. Kxf3 e2 44. Rb1 e1=Q 45. Rxe1 dxe1=Q 46. Rb3 Qd1+ 47.
Kf4 Qxb3 48. h4 Qe3+ 49. Kg4 Re5 0-1

[Event "Challenge"]
[Site "http://www.queenalice.com/game.php?id=977757"]
[Date "2011.8.27"]
[Round "-"]
[White "kingz"]
[Black "cdare"]
[Result "1-0"]
[WhiteElo "1714"]
[BlackElo "1734"]

1. e4 e5 2. Bc4 Bc5 3. d3 Qf6 4. Nf3 Nc6 5. O-O Nh6 6. Nc3 O-O 7. Nd5 Qg6 8.
Nxc7 Rb8 9. Nd5 d6 10. Bb5 Re8 11. Nh4 Qg4 12. Bxh6 Qxh4 13. Be3 Bxe3 14. Nxe3
Rf8 15. c3 Qg5 16. Nd5 Bh3 17. Qf3 Bg4 18. Qg3 Qh5 19. h3 Be6 20. Nf6+ 1-0

[Event "Challenge"]
[Site "http://www.queenalice.com/game.php?id=1025563"]
[Date "2012.2.3"]
[Round "-"]
[White "plot24"]
[Black "kingz"]
[Result "0-1"]
[WhiteElo "1788"]
[BlackElo "1744"]

1. d4 Nf6 2. c4 e6 3. Nf3 c5 4. e3 cxd4 5. exd4 Bb4+ 6. Bd2 Bxd2+ 7. Nbxd2 d5 8.
Qb3 O-O 9. Bd3 Qb6 10. O-O dxc4 11. Bxc4 Qxb3 12. Bxb3 Nc6 13. Rfe1 Nb4 14. Nc4
Bd7 15. Nce5 Bc6 16. Rad1 Bd5 17. Bxd5 Nbxd5 18. a3 a5 19. Nc4 b5 20. Ne3 b4 21.
axb4 Nxb4 22. g3 Nfd5 23. Ng2 Rfc8 24. Ng5 Rc2 25. Rb1 Nd3 26. Ne3 Rxf2 0-1

[Event "Challenge"]
[Site "http://www.queenalice.com/game.php?id=1027305"]
[Date "2012.2.7"]
[Round "-"]
[White "cdare"]
[Black "kingz"]
[Result "1-0"]
[WhiteElo "1742"]
[BlackElo "1731"]

1. e4 c5 2. Nf3 d6 3. c3 Nf6 4. Bb5+ Nbd7 5. d3 a6 6. Bxd7+ Bxd7 7. Bf4 e6 8.
Nbd2 Be7 9. O-O Bc6 10. h3 b5 11. a3 O-O 12. Nh2 Rc8 13. Ng4 Nxg4 14. Qxg4 f5
15. exf5 exf5 16. Qg3 g5 17. Be3 f4 18. Bxf4 Rxf4 19. Rfe1 Qd7 20. Re2 Rcf8 21.
Rae1 R8f7 22. Ne4 Bxe4 23. dxe4 h6 24. f3 d5 25. exd5 Kh7 26. Rd2 Bd6 27. Qf2 g4
28. Re6 gxh3 29. gxh3 Rxf3 30. Qh4 Rg7+ 31. Rg2 Rxg2+ 32. Kxg2 Rg3+ 33. Kh1 1-0

[Event "Challenge"]
[Site "http://www.queenalice.com/game.php?id=1027306"]
[Date "2012.2.7"]
[Round "-"]
[White "kingz"]
[Black "cdare"]
[Result "0-1"]
[WhiteElo "1748"]
[BlackElo "1725"]

1. e4 e5 2. Bc4 Bc5 3. Nc3 Nf6 4. d3 h6 5. Nf3 Nc6 6. O-O d6 7. Be3 Bxe3 8. fxe3
Bg4 9. Nd5 O-O 10. a3 Nxd5 11. Bxd5 Qe8 12. Qe1 Rb8 13. Nh4 Ne7 14. Qg3 Nxd5 15.
exd5 Bd7 16. e4 Qc8 17. Rf2 c6 18. c4 f5 19. Ng6 f4 20. Qh4 Rf7 21. Ne7+ Rxe7
22. Qxe7 Qc7 23. g3 Rf8 24. gxf4 Rf7 25. Qh4 cxd5 26. fxe5 dxc4 27. exd6 Qb6 28.
Qg3 cxd3 29. Kg2 Qd4 30. Rxf7 Kxf7 31. Rf1+ Kg8 32. Qf4 Qxb2+ 0-1

[Event "Challenge"]
[Site "http://www.queenalice.com/game.php?id=1028924"]
[Date "2012.2.11"]
[Round "-"]
[White "kingz"]
[Black "zmanomega"]
[Result "1-0"]
[WhiteElo "1731"]
[BlackElo "1665"]

1. e4 e5 2. Bc4 d6 3. Nc3 c6 4. Nge2 Bg4 5. O-O Qg5 6. d4 Qg6 7. f3 Bh3 8. Ng3
h5 9. gxh3 h4 10. Kg2 hxg3 11. hxg3 f5 12. dxe5 dxe5 13. exf5 Qf6 14. Be6 Nh6
15. Ne4 Qe7 16. Bg5 Qc7 17. f6 gxf6 18. Nxf6+ Ke7 19. Nd5+ Kd6 20. Nxc7+ Kxc7
21. Qd8# 1-0

[Event "Challenge"]
[Site "http://www.queenalice.com/game.php?id=1065456"]
[Date "2012.5.29"]
[Round "-"]
[White "kingz"]
[Black "plot24"]
[Result "0-1"]
[WhiteElo "1762"]
[BlackElo "1810"]

1. e4 e5 2. Bc4 Nc6 3. Nf3 d6 4. O-O Be7 5. d4 exd4 6. c3 Nf6 7. Re1 Na5 8. Bf1
c5 9. cxd4 Bd7 10. dxc5 dxc5 11. Nc3 O-O 12. Bg5 Be6 13. Bxf6 Bxf6 14. e5 Be7
15. Ne4 Nc6 16. Nd6 Nxe5 0-1